000 00298nam a2200121Ia 4500
008 190216s9999||||xx |||||||||||||| ||und||
100 _aRoanld Breslow
245 0 _aOrganic Reaction Mechanisms
260 _bWa Benjamin International Co
_c1969
300 _a272p
650 _aChemistry
942 _cBK
999 _c2396
_d2396